Warisan semulajadi (Record no. 41750)

MARC details
000 -LEADER
fixed length control field 00661nam a2200241 i 4500
001 - CONTROL NUMBER
control field C2-0132906
003 - CONTROL NUMBER IDENTIFIER
control field PPAK
005 - DATE AND TIME OF LATEST TRANSACTION
control field 20180727123208.0
008 - FIXED-LENGTH DATA ELEMENTS--GENERAL INFORMATION
fixed length control field 971029s1996 my a|||| ||||| | may d
020 ## - INTERNATIONAL STANDARD BOOK NUMBER
International Standard Book Number 9830780198
040 ## - CATALOGING SOURCE
Original cataloging agency PPAK
Language of cataloging eng
Transcribing agency PPAK
Description conventions rda
082 04 - DEWEY DECIMAL CLASSIFICATION NUMBER
Classification number 899.233
Edition number 23
090 00 - LOCALLY ASSIGNED LC-TYPE CALL NUMBER (OCLC); LOCAL CALL NUMBER (RLIN)
Classification number (OCLC) (R) ; Classification number, CALL (RLIN) (NR) 899.233
Feature heading AMR
Feature heading K
100 0# - MAIN ENTRY--PERSONAL NAME
Personal name Amran Abdullah,
Relator term author
245 10 - TITLE STATEMENT
Title Warisan semulajadi
264 #1 - PRODUCTION, PUBLICATION, DISTRIBUTION, MANUFACTURE, AND COPYRIGHT NOTICE
Place of production, publication, distribution, manufacture Petaling Jaya, Selangor :
Name of producer, publisher, distributor, manufacturer Pustaka Murni ,
Date of production, publication, distribution, manufacture, or copyright notice 1996
300 ## - PHYSICAL DESCRIPTION
Extent 33 pages :
Other physical details colour illustrations ;
Dimensions 21 cm
336 ## - CONTENT TYPE
Source rdacontent
Content type term text
337 ## - MEDIA TYPE
Source rdamedia
Media type term unmediated
338 ## - CARRIER TYPE
Source rdacarrier
Carrier type term volume
650 10 - SUBJECT ADDED ENTRY--TOPICAL TERM
Topical term or geographic name entry element Malay fiction
942 ## - ADDED ENTRY ELEMENTS (KOHA)
-- dc
Koha item type Book
Holdings
Withdrawn Not for loan Current library Shelving location Date acquired Full call number Barcode Date last seen Koha item type
    Perpustakaan Alor Setar Pinjaman Kanak-kanak 16/08/1997 K 899.233 AMR A00045638 08/05/2018 Book
    Perpustakaan Jitra Pinjaman Kanak-kanak 03/12/2003 K 899.233 AMR A00830215 08/05/2018 Book
    PD20, Felda Lubuk Merbau, Pendang Pinjaman Kanak-kanak 11/11/2000 K 899.233 AMR A00018283 08/05/2018 Book
    T-PD26, Kg. Lubuk Batu, Jitra Pinjaman Kanak-kanak 29/10/1997 K 899.233 AMR A00018286 08/05/2018 Book